|
|
|
|
| LEADER |
00000cam a2200000 7i4500 |
| 001 |
0000100601 |
| 005 |
20060522.0 |
| 020 |
|
|
|a 9812480722
|
| 090 |
0 |
0 |
|a 796.09225957
|b APL
|
| 100 |
1 |
|
|a Aplin, Nick
|
| 245 |
1 |
0 |
|a Singapore olympians :
|b the complete who's who, 1936-2004
|c Nick Aplin, David Waters and Leong May Lai
|
| 260 |
|
|
|a Singapore :
|b SNP- InternationalPublishing Pte Ltd. ,
|c 2005
|
| 300 |
|
|
|a 487p. ;
|c 23cm.
|
| 650 |
0 |
0 |
|a Athletes
|z Singapore
|x Biography
|
| 650 |
0 |
0 |
|a Olympics
|
| 700 |
0 |
|
|a Leong May Lai
|
| 700 |
1 |
|
|a Waters, David
|
| 999 |
|
|
|a 00192737
|b BUKU
|c PINJAMAN
|e PERPUSTAKAAN KOMUNITI PETALING JAYA
|